000 00319nam a2200121Ia 4500
008 190722s9999 xx 000 0 und d
020 _a978-93-325-5238-8
100 _aHenderson, Wood
245 0 _aSwift for the Really Impatient
260 _aIndia
_bPearson India Education Services
_c2015
300 _a158
942 _cBK
999 _c367
_d367